Joueurs français ayant joué une finale de coupe du monde de football - Statistiques

Statistiques générales
  • Ce quiz a été pris 153 fois
  • Le résultat moyen est 39 sur 51
Statistiques - réponses
Année Poste Réponse % Correct
2018 et 2022 A Kylian Mbappé
98%
1998 et 2006 M Zinédine Zidane
98%
2018 et 2022 G Hugo Lloris
95%
2018 et 2022 A Olivier Giroud
95%
2018 et 2022 A Antoine Griezmann
94%
1998 et 2006 D Lilian Thuram
94%
2018 D Lucas Hernandez
94%
2022 A Marcus Thuram
94%
2018 M N'Golo Kanté
94%
2022 D Théo Hernandez
94%
2018 M Paul Pogba
92%
2018 D Benjamin Pavard
91%
1998 et 2006 G Fabien Barthez
91%
2006 A Thierry Henry
91%
2018 et 2022 D Raphaël Varane
90%
2022 D Dayot Upamecano
86%
1998 D Marcel Desailly
86%
2022 A Ousmane Dembélé
86%
2018 D Samuel Umtiti
85%
1998 D Bixente Lizarazu
83%
1998 M Didier Deschamps
83%
2006 A David Trezeguet
82%
2022 A Randal Kolo Muani
82%
2018 M Blaise Matuidi
80%
1998 M Emmanuel Petit
80%
2006 M Franck Ribéry
80%
2022 M Aurélien Tchouaméni
79%
2022 D Ibrahima Konaté
79%
1998 et 2006 M Patrick Vieira
79%
2022 D Jules Koundé
78%
2022 M Adrien Rabiot
77%
2022 M Eduardo Camavinga
75%
1998 A Stéphane Guivarc’h
72%
1998 D Franck Leboeuf
71%
2022 A Kingsley Coman
71%
2018 M Steven Nzonzi
71%
1998 A Youri Djorkaeff
71%
2006 M Claude Makélélé
67%
2006 D Willy Sagnol
67%
1998 A Christophe Dugarry
66%
2018 A Nabil Fekir
66%
1998 M Christian Karembeu
63%
2018 M Corentin Tolisso
59%
2006 M Florent Malouda
58%
2006 D Eric Abidal
55%
2006 D William Gallas
53%
2006 A Sylvain Wiltord
49%
1998 M Alain Boghossian
46%
2022 M Youssouf Fofana
45%
2022 D Axel Disasi
39%
2006 M Alou Diarra
37%
Aucun quiz correspondant
Distribution des résultats
% des personnes avec chaque résultat
Percentile par nombre de réponses
Votre historique - résultats
Vous n’avez pas pris ce quiz